| 000 | 00461cam a2200181ua 4500 | ||
|---|---|---|---|
| 001 | 2128 | ||
| 008 | 110805n ii |||gr||||Z||||||eng | ||
| 040 | _cMAIN | ||
| 082 | _a150 | ||
| 100 |
_aGarrett, Henry E., _eAuthor. |
||
| 245 | 1 |
_aGeneral psychology _cby Henry E. Garrett |
|
| 250 | _a4th. | ||
| 260 |
_aNew Delhi: _bEurasia publishing house pvt. ltd.,982. |
||
| 300 |
_a649p: _c23cm. |
||
| 653 | _aPsychology | ||
| 653 | _aGeneral psychology | ||
| 942 | _cBK | ||
| 999 |
_c1996 _d1996 |
||